Phụ nữ và tình yêu qua hai nhân vật Akxinhia và Natalia trong "Sông Đông êm đềm"

में बचाया:
ग्रंथसूची विवरण
मुख्य लेखक: Huỳnh Thị Ngọc Dung.
अन्य लेखक: Nguyễn Kim An (hướng dẫn.)
स्वरूप: पुस्तक
भाषा:Vietnamese
प्रकाशित: Đà Nẵng, 1993.
विषय:
टैग : टैग जोड़ें
कोई टैग नहीं, इस रिकॉर्ड को टैग करने वाले पहले व्यक्ति बनें!
Thư viện lưu trữ: Mạng thư viện Đại học Đà Nẵng
LEADER 01108cmm a2200373 i 4500
001 000044845
003 3255
005 20030729153858.0
008 010312b1993 vm 000 vie
040 |a IRC  |c IRC  |d IRC 
041 0 |a vie 
082 1 4 |a 891.7  |b HU-D 
100 1 |a Huỳnh Thị Ngọc Dung. 
245 0 0 |a Phụ nữ và tình yêu qua hai nhân vật Akxinhia và Natalia trong "Sông Đông êm đềm"  |h [Thesis - Luận văn] /  |c Huỳnh Thị Ngọc Dung thực hiện ; Nguyễn Kim An hướng dẫn. 
260 |a Đà Nẵng,  |c 1993. 
300 |a 40Tr. ;  |c 32cm. 
630 0 4 |a Dịch thuật. 
630 0 4 |a Phê bình văn học. 
630 0 4 |a Khoá luận. 
630 0 4 |a Nga ngữ. 
630 0 4 |a Sông Đông êm đềm. 
630 0 4 |a Sôlôkhốp. 
650 0 4 |a Văn học Nga  |x Phê bình. 
700 1 |a Nguyễn Kim An,  |e hướng dẫn. 
OWN |a DUT 
999 |a From the UDN01 
TYP |a Computer file 
TYP |a Monograph 
980 |a Mạng thư viện Đại học Đà Nẵng